УИРС "Автоматизация технологических процессов и производств (в нефтегазовой отрасли)". Часть 2 / ДО 2017: электронный курс
| 1. Verfasser: | |
|---|---|
| Körperschaft: | |
| Zusammenfassung: | Заглавие с экрана Цель: дать студентам предварительные знания по некоторым технологическим процессам в нефтегазодобыающей отрасли, а также по используемым при этом аппаратам и устройствам. Полученные знания могут быть использованы в последующих специальных дисциплинах. Доступ по логину и паролю |
| Sprache: | Russisch |
| Veröffentlicht: |
Томск, TPU Moodle, 2018
|
| Schlagworte: | |
| Online-Zugang: | https://design.lms.tpu.ru/course/view.php?id=2537 |
| Format: | MixedMaterials Elektronisch Buch |
| KOHA link: | https://koha.lib.tpu.ru/cgi-bin/koha/opac-detail.pl?biblionumber=658493 |
MARC
| LEADER | 00000nlm0a2200000 4500 | ||
|---|---|---|---|
| 001 | 658493 | ||
| 005 | 20240205130739.0 | ||
| 035 | |a (RuTPU)RU\TPU\network\26386 | ||
| 090 | |a 658493 | ||
| 100 | |a 20181018d2018 m y0rusy50 ca | ||
| 101 | 0 | |a rus | |
| 102 | |a RU | ||
| 105 | |a a j 000zy | ||
| 135 | |a jrcn ---uucaa | ||
| 181 | 0 | |a i | |
| 182 | 0 | |a b | |
| 200 | 1 | |a УИРС "Автоматизация технологических процессов и производств (в нефтегазовой отрасли)". Часть 2 / ДО 2017 |e электронный курс |f Н. М. Семенов |g Национальный исследовательский Томский политехнический университет, Инженерная школа информационных технологий и робототехники, Отделение автоматизации и робототехники (ОАР) | |
| 203 | |a Текст |c электронный | ||
| 210 | |a Томск |c TPU Moodle |d 2018 | ||
| 300 | |a Заглавие с экрана | ||
| 330 | |a Цель: дать студентам предварительные знания по некоторым технологическим процессам в нефтегазодобыающей отрасли, а также по используемым при этом аппаратам и устройствам. Полученные знания могут быть использованы в последующих специальных дисциплинах. | ||
| 333 | |a Доступ по логину и паролю | ||
| 606 | 1 | |a Нефтяные предприятия |x Автоматизация технологических процессов |2 stltpush |3 (RuTPU)RU\TPU\subj\46037 |9 65225 | |
| 606 | 1 | |a Студенты |x Научно-исследовательская работа |2 stltpush |3 (RuTPU)RU\TPU\subj\68806 |9 83939 | |
| 610 | 1 | |a электронный ресурс | |
| 610 | 1 | |a труды учёных ТПУ | |
| 610 | 1 | |a электронные учебные пособия | |
| 610 | 1 | |a учебные пособия | |
| 610 | 1 | |a Moodle | |
| 610 | 1 | |a e-learning | |
| 610 | 1 | |a УИРС | |
| 610 | 1 | |a исследования | |
| 610 | 1 | |a учебно-исследовательские работы | |
| 610 | 1 | |a нефтегазовая отрасль | |
| 610 | 1 | |a технологические процессы | |
| 675 | |a 622.323.012:658.5(075.8) |v 4 | ||
| 686 | |a Ч481.268я73 |2 rubbk | ||
| 700 | 1 | |a Семенов |b Н. М. |c инженер-электрик |c старший преподаватель Томского политехнического университета |f 1952- |g Николай Михайлович |3 (RuTPU)RU\TPU\pers\29728 |9 14213 | |
| 712 | 0 | 2 | |a Национальный исследовательский Томский политехнический университет |b Инженерная школа информационных технологий и робототехники |b Отделение автоматизации и робототехники (ОАР) |3 (RuTPU)RU\TPU\col\23553 |
| 801 | 2 | |a RU |b 63413507 |c 20220816 |g RCR | |
| 856 | 4 | |u https://design.lms.tpu.ru/course/view.php?id=2537 | |
| 942 | |c CF | ||